000 01208nam a2200241Ia 4500
999 _c39694
_d39694
001 6297
003 GE_BSU
005 20191101171047.0
008 181216s2012||||ge |||||||||||||| ||geo||
040 _cGE_BSU
041 _ageo
080 _a94(479.223) ბ-83
100 _aბოლქვაძე, ნიაზ
_94841
245 _aალისულთან ბოლქვაძე და 1929 წლის აჯანყება აჭარაში /
_cნიაზ ბოლქვაძე ; რედ. თამაზ ფუტკარაძე ; [წინათქმა ოთარ გაგუა
264 _aბათუმი :
_bშოთა რუსთაველის სახ. უნ–ტის გამ-ბა,
_c2012.
300 _a61 გვ.:
_b ფოტ. ;
_c20 სმ.
504 _aბიბლიოგრ.: გვ. 60-61.
653 _a აჭარის ისტორია, XX ს.
653 _a 1929 წლის აჯანყება აჭარაში
700 _a ფუტკარაძე, თამაზ
_eრედაქტორი
_95226
700 _aგაგუა, ოთარ
_eწინათქმა
_95227
942 _cBK
_2udc